Sports Quiz

Random Sports or MLB Quiz

Top 100 MLB players of the 2000's Quiz Stats

Quiz not verified by Sporcle

Challenge
Share
Tweet
Embed
Score 0/100 Timer 12:00
0 Plays Today
% Correct
Ivan Rodriguez
98.9%
Alex Rodriguez
98.3%
Albert Pujols
97.7%
Derek Jeter
96.6%
Manny Ramirez
92.6%
Hanley Ramirez
92.6%
Aramis Ramirez
92.6%
Barry Bonds
91.5%
Mariano Rivera
90.9%
Derrek Lee
90.9%
Carlos Lee
90.9%
Chipper Jones
90.3%
Andruw Jones
90.3%
David Ortiz
89.8%
Randy Johnson
88.6%
Roy Halladay
86.9%
Chase Utley
84.1%
Pedro Martinez
81.8%
Victor Martinez
81.8%
Curt Schilling
81.3%
David Wright
81.3%
Ichiro Suzuki
80.7%
Carlos Beltran
80.1%
Todd Helton
80.1%
CC Sabathia
79.5%
Miguel Cabrera
79.5%
Joe Mauer
79%
Johan Santana
78.4%
Vladimir Guerrero
78.4%
Jim Thome
78.4%
Jimmy Rollins
77.3%
Lance Berkman
76.7%
Carlos Delgado
76.1%
Frank Thomas
76.1%
% Correct
Josh Beckett
75.6%
Roger Clemens
73.9%
Greg Maddux
73.3%
Andy Pettitte
72.7%
Jason Giambi
71.6%
Tom Glavine
71%
Roy Oswalt
69.9%
Sammy Sosa
69.9%
Matt Holliday
69.3%
Vernon Wells
69.3%
Michael Young
69.3%
Mark Teixeira
68.8%
Magglio Ordonez
68.8%
Barry Zito
68.2%
Adam Dunn
68.2%
Jorge Posada
67.6%
Miguel Tejada
66.5%
Jose Reyes
65.9%
Jim Edmonds
65.3%
Tim Hudson
65.3%
Johnny Damon
65.3%
Jeff Kent
65.3%
Torii Hunter
65.3%
Carl Crawford
65.3%
Gary Sheffield
64.2%
Derek Lowe
63.6%
Scott Rolen
63.1%
Adrian Beltre
61.9%
Grady Sizemore
60.8%
Jake Peavy
60.2%
Mike Mussina
59.1%
Freddy Garcia
59.1%
Larry Walker
54.5%
Troy Glaus
53.4%
% Correct
JD Drew
52.8%
Nomar Garciaparra
52.3%
Bobby Abreu
50.6%
Mark Buehrle
48.9%
Carlos Zambrano
48.9%
Mike Lowell
48.9%
Kevin Youkilis
47.7%
Eric Chavez
47.2%
Brandon Webb
46.6%
John Lackey
45.5%
Edgar Renteria
43.2%
Dan Haren
42%
Jamie Moyer
42%
Placido Polanco
36.9%
Brian Giles
36.9%
Bartolo Colon
36.9%
Tim Wakefield
36.9%
Melvin Mora
34.1%
Rafael Furcal
33%
Javier Vazquez
32.4%
Carlos Guillen
32.4%
Kenny Rogers
29%
Mike Cameron
28.4%
Chone Figgins
27.8%
Brad Radke
17.6%
Ray Durham
15.3%
Cliff Floyd
14.8%
Jarrod Washburn
11.9%
Kelvim Escobar
10.2%
Randy Winn
9.1%
Corey Koskie
8.5%
Jose Valentin
8%

You're not logged in!

Compare scores with friends on all Sporcle quizzes.
Sign Up with Email
OR
Log In

You Might Also Like...

Show Comments

Extras

Top Quizzes Today


Score Distribution

Your Account Isn't Verified!

In order to create a playlist on Sporcle, you need to verify the email address you used during registration. Go to your Sporcle Settings to finish the process.